|
|
|
|
| LEADER |
01677nam a22004097a 4500 |
| 001 |
35199 |
| 003 |
BD-DhAAL |
| 005 |
20250902103942.0 |
| 008 |
190901t2011 ii 000 1 eng d |
| 010 |
|
|
|a 2003305188
|
| 020 |
|
|
|a 9789381506028
|
| 020 |
|
|
|a 8188575003
|
| 025 |
|
|
|a I-E-2003-305188; 25
|
| 035 |
|
|
|a (DLC) 2003305188
|
| 037 |
|
|
|b Library of Congress -- New Delhi Overseas Office
|c Rs295.00
|
| 040 |
|
|
|a DLC
|c DLC
|d DLC
|d BD-DhAAL
|
| 041 |
1 |
|
|a eng
|h ben
|
| 042 |
|
|
|a lcode
|
| 043 |
|
|
|a a-ii---
|a a-bg---
|
| 050 |
0 |
0 |
|a MLCS 2003/00605 (P)
|a PK1716.5.E
|
| 082 |
|
|
|a 891.44371
|
| 245 |
0 |
0 |
|a Mapmaking, partition stories from 2 bengals /
|c edited by Debjani Sengupta ; [foreword by Ashis Nandy].
|
| 246 |
3 |
|
|a Mapmaking, partition stories from two bengals
|
| 260 |
|
|
|a New Delhi :
|b Srishti Publishers & Distributors,
|c c2011
|
| 300 |
|
|
|a xviii, 207 pages ;
|c 21 cm.
|
| 526 |
|
|
|a ENH
|
| 541 |
|
|
|a Hye Trade International
|e 35199
|
| 650 |
|
0 |
|a Short stories, Bengali
|v Translations into English.
|9 33772
|
| 650 |
|
0 |
|a Bengali fiction
|y 20th century
|v Translations into English.
|9 33773
|
| 650 |
|
0 |
|a Bengali fiction
|z India
|v Translations into English.
|9 33774
|
| 650 |
|
0 |
|a Bengali fiction
|z Bangladesh
|v Translations into English.
|9 33775
|
| 650 |
|
0 |
|a Partition, Territorial, in literature.
|9 33776
|
| 700 |
1 |
|
|a Sengupta, Debjani.
|9 33778
|
| 852 |
|
|
|a Ayesha Abed Library
|c General Stacks
|
| 942 |
|
|
|2 ddc
|c BK
|
| 999 |
|
|
|c 40866
|d 40866
|
| 952 |
|
|
|0 0
|1 0
|2 ddc
|4 0
|6 891_443710000000000_MAP
|7 0
|9 66030
|a BRACUL
|b BRACUL
|c GEN
|d 2019-08-21
|e Hye Trade International
|g 799.00
|l 1
|m 2
|o 891.44371 MAP
|p 3010035199
|q 2026-07-28
|r 2025-09-03
|s 2025-09-03
|t 1
|v 799.00
|w 2019-08-21
|y BK
|